| 000 | 00502nam a2200193Ia 4500 | ||
|---|---|---|---|
| 003 | IN-BaIIA | ||
| 008 | 211028s9999 xx 000 0 eng d | ||
| 020 | _a85264-068-4 | ||
| 040 | _cIIA Library | ||
| 080 |
_a519 _bRAH |
||
| 100 |
_aRahman, N. A. _95835 |
||
| 245 | 2 |
_aA course in theoretical statistics _cRahman, N. A. |
|
| 260 |
_aLondon _bCharles Griffin _c1968 |
||
| 300 | _axv, 542p. | ||
| 650 | _aNASA Thesaurus | ||
| 650 |
_aStatistical Analysis _91599 |
||
| 650 | _aStatistics | ||
| 942 | _cBK | ||
| 999 |
_c3279 _d3279 |
||